Остров милосердия (Запись № 10242822)

Подробности
000 -МАРКЕР
контрольное поле 01507nam0a2200313 4500
001 - ИДЕНТИФИКАТОР ЗАПИСИ
контрольное поле RU\NLR\BIBL_A\010200808
005 - ИДЕНТИФИКАТОР ВЕРСИИ
контрольное поле 20260503055427.0
010 ## - МЕЖДУНАРОДНЫЙ СТАНДАРТНЫЙ НОМЕР КНИГИ (ISBN)
Номер (ISBN) 5-86983-089-3
Тираж 1000
035 ## - ДРУГИЕ СИСТЕМНЫЕ НОМЕРА
Идентификатор записи (NLR Aleph) 010200808
100 ## - ДАННЫЕ ОБЩЕЙ ОБРАБОТКИ
Данные общей обработки 20140305d2007 |||y0rusy50 ca
101 0# - ЯЗЫК РЕСУРСА
Язык текста, звукозаписи и т.д. русский
102 ## - СТРАНА ПУБЛИКАЦИИ ИЛИ ПРОИЗВОДСТВА
Страна публикации Российская Федерация
105 ## - ПОЛЕ КОДИРОВАННЫХ ДАННЫХ: ТЕКСТОВЫЕ МАТЕРИАЛЫ, МОНОГРАФИЧЕСКИЕ
Кодированные данные о монографическом текстовом документе acb|z||||01yb
200 1# - ЗАГЛАВИЕ И СВЕДЕНИЯ ОБ ОТВЕТСТВЕННОСТИ
Основное заглавие Остров милосердия
Сведения, относящиеся к заглавию памяти протоиерея Алексия Петровича Колоколова
Первые сведения об ответственности свящ. Виталий Фонькин, Р.А. Левшин
210 ## - ПУБЛИКАЦИЯ, РАСПРОСТРАНЕНИЕ И ДР.
Место издания, распространения и т.д. Санкт-Петербург
Имя издателя, распространителя и т. д. Алаборг
Дата издания, распространения и т.д. 2007
215 ## - ФИЗИЧЕСКАЯ ХАРАКТЕРИСТИКА
Специфическое обозначение материала и объем 70 с.
Другие сведения о физической характеристике ил., портр., карт.
Размеры 23
300 ## - ОБЩИЕ ПРИМЕЧАНИЯ
Текст примечания На обл. авт. не указан
320 ## - ПРИМЕЧАНИЯ О НАЛИЧИИ В ДОКУМЕНТЕ БИБЛИОГРАФИИ / УКАЗАТЕЛЯ
Текст примечания Имен. указ.: с. 63-70
601 02 - НАИМЕНОВАНИЕ ОРГАНИЗАЦИИ КАК ПРЕДМЕТ
Начальный элемент ввода Русская православная церковь
Тематический подзаголовок Благотворительность
Системный номер авторитетной/нормативной записи 2097589
Идентификатор авторитетной/нормативной записи RU\NLR\AUTH\661268992
686 2# - ИНДЕКСЫ ДРУГИХ КЛАССИФИКАЦИЙ
Индекс Э372.24-374-021
700 #1 - ИМЯ ЛИЦА - ПЕРВИЧНАЯ ОТВЕТСТВЕННОСТЬ
Начальный элемент ввода Фонькин
Часть имени, кроме начального элемента ввода В.
Дополнения к именам, кроме дат священник
Расширение инициалов личного имени Виталий
Идентификатор авторитетной/нормативной записи RU\NLR\AUTH\770131645
Системный номер авторитетной/нормативной записи 131611
701 #1 - ИМЯ ЛИЦА - АЛЬТЕРНАТИВНАЯ ОТВЕТСТВЕННОСТЬ
Материалы, к которым относится поле rus
Графика поля Кириллица
Начальный элемент ввода Левшин
Часть имени, кроме начального элемента ввода Р. А.
Дополнения к именам, кроме дат послушник
Даты -2010
Расширение инициалов личного имени Роман Алексеевич
Идентификатор авторитетной/нормативной записи RU\NLR\AUTH\7758240
Системный номер авторитетной/нормативной записи 41172
702 #1 - ИМЯ ЛИЦА - ВТОРИЧНАЯ ОТВЕТСТВЕННОСТЬ
Код отношения Прочие
Начальный элемент ввода Колоколов
Часть имени, кроме начального элемента ввода А. П.
Дополнения к именам, кроме дат священник
Даты 1836-1902
Расширение инициалов личного имени Алексий Петрович
Идентификатор авторитетной/нормативной записи RU\NLR\AUTH\770131652
Системный номер авторитетной/нормативной записи 131618
942 ## - ДОПОЛНИТЕЛЬНЫЕ ЭЛЕМЕНТЫ ЗАПИСИ (АБИС)
Тип экземпляра АБИС Книга
980 ## - КОЛЛЕКЦИЯ
Название коллекции Национальная библиография
Экземпляры
Тип экземпляра Дата поступления Источник поступления Стоимость Библиотека постоянного хранения Библиотека текущего хранения Место хранения Шифр хранения Штрих-код Статус экземпляра
Книга 05.03.2014 Покупка СТ 189.00 РНБ (Московский) РНБ (Московский) Русский книжный фонд: издания с 1957 года 2014-6/191 1-274763  
Книга 11.04.2014 Покупка СТ 238.00 РНБ (Московский) РНБ (Московский) Русский книжный фонд: издания с 1957 года 2014-6/191 1-416690